Countries with 10 letters - Statistics

General Stats
  • This quiz has been taken 81 times
  • The average score is 15 of 20
Answer Stats
Continent Country % Correct
Oceania F.S. {Micronesia}
93%
Africa Madagascar
86%
Asia Tajikistan
84%
Asia Azerbaijan
81%
Asia Kazakhstan
81%
Europe Luxembourg
81%
Asia Uzbekistan
81%
Oceania New Zealand
79%
Asia North Korea
79%
Africa Seychelles
79%
Asia South Korea
79%
Africa South Sudan
79%
Asia Kyrgyzstan
77%
Africa Mauritania
77%
Asia Bangladesh
74%
North America El Salvador
72%
Africa Mozambique
72%
North America Saint Lucia
70%
Europe Montenegro
67%
Africa Ivory Coast
56%
No matching quizzes found
Score Distribution
Percent of People with Each Score
Percentile by Number Answered
Your Score History
You have not taken this quiz